Normal view MARC view
  • Zumar Khalid

Entry Personal Name

Number of records used in: 1

001 - CONTROL NUMBER

  • control field: 84352

003 - CONTROL NUMBER IDENTIFIER

  • control field: NUST

005 - DATE AND TIME OF LATEST TRANSACTION

  • control field: 20211117122517.0

008 - FIXED-LENGTH DATA ELEMENTS

  • fixed length control field: 211117|| aca||aabn | a|a d

040 ## - CATALOGING SOURCE

  • Original cataloging agency: NUST
  • Transcribing agency: NUST

100 ## - HEADING--PERSONAL NAME

  • Personal name: Zumar Khalid

670 ## - SOURCE DATA FOUND

  • Source citation: Work cat.: (NUST): Zumar Khalid , TH-SOF-1878-Weight and Cluster based Testcase Prioritization Technique, 2021.
© 2023 Central Library, National University of Sciences and Technology. All Rights Reserved.